000 00562nam a2200229Ia 4500
003 OSt
005 20221005133512.0
006 a|||||r|||| 00| 0
007 ta
008 221004b |||||||| |||| 00| 0 mal d
024 _a61598
037 _cTextual
040 _aCRL
_cCRL
_bmal
041 _2mal
_amal
082 _aU8.5.N5, 32J6
100 _aPaltekatte S.K.
_9642523
245 0 _aYintrathe europe
260 _c1956
650 _aGEOGRAPHY
942 _hU8.5.N5, 32J6
_cTEXL
_2cc
999 _c1067025
_d1067025